Managing Indian banks : (Record no. 125263)

MARC details
000 -LEADER
fixed length control field 00822nam a22002417a 4500
005 - DATE AND TIME OF LATEST TRANSACTION
control field 20170124105951.0
010 ## - LIBRARY OF CONGRESS CONTROL NUMBER
LC control number A-946213
020 ## - INTERNATIONAL STANDARD BOOK NUMBER
Terms of availability 00.00
International Standard Book Number 8170367417
035 ## - SYSTEM CONTROL NUMBER
System control number A-946213
037 ## - SOURCE OF ACQUISITION
Source of stock number/acquisition Cen Lib/Ret
040 ## - CATALOGING SOURCE
Original cataloging agency DPL
Language of cataloging EN
082 ## - DEWEY DECIMAL CLASSIFICATION NUMBER
Classification number 332.10954
Item number JOS
100 ## - MAIN ENTRY--PERSONAL NAME
Personal name Joshi, Vasant C.
9 (RLIN) 13540
245 ## - TITLE STATEMENT
Title Managing Indian banks :
Statement of responsibility, etc by Vasant C. Joshi [and] Vinay V. Joshi
Remainder of title the challenges ahead /
260 ## - PUBLICATION, DISTRIBUTION, ETC. (IMPRINT)
Place of publication, distribution, etc New Delhi
Name of publisher, distributor, etc Sage Publications
Date of publication, distribution, etc 1998
270 ## - ADDRESS
Address M-32 Greater Kailash-I
City New Delhi
Postal code 110048
300 ## - PHYSICAL DESCRIPTION
Extent 251p.
Dimensions 21cm(Hb)
500 ## - GENERAL NOTE
General note Includes bibliographical references and index<br/>
650 ## - SUBJECT ADDED ENTRY--TOPICAL TERM
Topical term or geographic name as entry element Bank management -- India
9 (RLIN) 13541
650 ## - SUBJECT ADDED ENTRY--TOPICAL TERM
Topical term or geographic name as entry element Banks and banking -- State supervision -- India
9 (RLIN) 13542
700 ## - ADDED ENTRY--PERSONAL NAME
Personal name Joshi, Vinay V.
9 (RLIN) 13543
942 ## - ADDED ENTRY ELEMENTS (KOHA)
Source of classification or shelving scheme Dewey Decimal Classification
Koha item type English Books
Classification part 332.10954
Call number suffix JOS
Holdings
Withdrawn status Lost status Damaged status Not for loan Home library Current library Date acquired Source of acquisition Cost, normal purchase price Total Checkouts Full call number Barcode Date last seen Copy number Cost, replacement price Price effective from Koha item type
        Central Library Central Library 20/06/2015 Cen Lib/Ret 0.00   332.10954 JOS A-946213 20/06/2015 1 0.00 20/06/2015 English Books

© Delhi Public Library
Hit Counter
free hit counter